|
|
|
|
| LEADER |
01491nam a2200325 a 4500 |
| 001 |
000437604 |
| 003 |
CZ BrMZK |
| 005 |
20120903145523.0 |
| 007 |
ta |
| 008 |
990307s1977 xr f cze d |
| 015 |
|
|
|a cnb000415471
|
| 035 |
|
|
|a (OCoLC)42147010
|
| 040 |
|
|
|a BOA001
|c ze
|d BOA001
|
| 080 |
|
|
|a 885(091)"189/192"(075.3)
|2 MRF
|
| 080 |
|
|
|a 885.4(091)"189/192"(075.3)
|2 MRF
|
| 100 |
1 |
|
|a Pohorský, Miloš,
|d 1929-2013
|7 jk01100312
|4 aut
|
| 245 |
1 |
0 |
|a Literatura pro 3. ročník středních škol /
|c Miloš Pohorský
|
| 250 |
|
|
|a 4. vyd.
|
| 260 |
|
|
|a Praha :
|b Státní pedagogické nakladatelství,
|c 1977
|
| 300 |
|
|
|a 315 s.
|
| 490 |
1 |
|
|a Učebnice pro střední školy
|
| 500 |
|
|
|a Dostupné též v digitální podobě v aplikaci Kramerius
|
| 830 |
|
0 |
|a Učebnice pro střední školy (Státní pedagogické nakladatelství)
|0 s
|
| 856 |
4 |
1 |
|u http://www.digitalniknihovna.cz/mzk/uuid/uuid:4d1f7e30-2497-11e6-8803-005056827e51
|y Digitalizovaný dokument
|x NDK
|
| 910 |
|
|
|a BOA001
|b PK-0075.538-77
|b 2-0744.993-77
|
| 964 |
|
|
|a Literatura slovenská - stol. 19., léta 90./stol. 20., léta 20. - učebnice - školy střední
|
| 964 |
|
|
|a Literatura česká - stol. 19., léta 90./stol. 20., léta 20. - učebnice - školy střední
|
| 990 |
|
|
|a BK
|
| 996 |
7 |
|
|b 2619557250
|c 2-0744.993-77
|l Sklad H1
|r Sklad / do 24 hodin
|n 0
|h HS 212
|w 000437604
|u 000020
|a 1
|e BOA001
|j MZK50
|s A
|
| 996 |
7 |
|
|b 3119976124
|c PK-0075.538-77
|l MZK
|r Sklad / do 1 hodiny
|n 2
|w 000437604
|u 000010
|a 1
|e BOA001
|j MZK50
|s A
|